[Event "BUL-ch Seniors"]
[Site "Sofia"]
[Date "2009.05.14"]
[Round "7"]
[White "Andreev, Dobrotich"]
[Black "Popov, Gueorgui"]
[Result "1/2-1/2"]
[WhiteElo "2125"]
[BlackElo "2199"]
[PlyCount "66"]
[EventDate "2009.05.10"]
[EventType "swiss"]
[EventRounds "9"]
[EventCountry "BUL"]
[SourceTitle "CBM 130 Extra"]
[Source "ChessBase"]
[SourceDate "2009.07.02"]
[SourceVersion "2"]
[SourceVersionDate "2009.07.15"]
[SourceQuality "1"]

1. e4 d5 2. exd5 Qxd5 3. d4 c6 4. Nf3 Nf6 5. c4 Qd6 6. Nc3 Bg4 7. Be2 e6 8. Be3 Be7 9. Qd2 Nbd7 10. a3 Qc7 11. 0-0 0-0 12. Bf4 Bd6 13. Bg3 Bxg3 14. hxg3 Rad8 15. Qe3 a6 16. Rac1 Rfe8 17. Ne5 Bxe2 18. Qxe2 c5 19. Nxd7 Rxd7 20. dxc5 Qxc5 21. b4 Qc7 22. Rfd1 Red8 23. Rxd7 Rxd7 24. Rd1 h6 25. Rxd7 Qxd7 26. Qd1 Qxd1+ 27. Nxd1 Ne4 28. Ne3 Kf8 29. g4 Ke7 30. Kf1 Kd6 31. Ke2 b5 32. f3 Nf6 33. Kd3 Nd7 1/2-1/2

[Event "Saint Affrique op 14th"]
[Site "Saint Affrique"]
[Date "2006.??.??"]
[Round "8"]
[White "Andonov, Bogomil"]
[Black "Popov, Gueorgui"]
[Result "1-0"]
[WhiteElo "2391"]
[BlackElo "2213"]
[PlyCount "125"]
[EventDate "2006.07.21"]
[EventType "swiss"]
[EventRounds "9"]
[EventCountry "FRA"]
[SourceTitle "CBM 113 Extra"]
[Source "ChessBase"]
[SourceDate "2006.09.14"]
[SourceVersion "1"]
[SourceVersionDate "2006.09.14"]
[SourceQuality "1"]

1. Nf3 Nf6 2. c4 e6 3. d4 b6 4. g3 Ba6 5. b3 Bb4+ 6. Bd2 Be7 7. Nc3 c6 8. e4 d5 9. cxd5 cxd5 10. Bxa6 Nxa6 11. e5 Ne4 12. 0-0 Nxc3 13. Bxc3 Rc8 14. Qd3 Nb8 15. b4 a6 16. a4 0-0 17. b5 a5 18. Nd2 Qd7 19. Rfc1 Rc7 20. Rc2 Rfc8 21. Raa2 Bd8 22. Kg2 g6 23. Nf1 Qe7 24. Ne3 Nd7 25. Bd2 Nb8 26. Bc1 Rxc2 27. Rxc2 Rxc2 28. Qxc2 Qc7 29. Qxc7 Bxc7 30. Ba3 Bd8 31. f4 h5 32. h4 Nd7 33. Kf3 f5 34. exf6 Bxf6 35. Nc2 Kf7 36. Bd6 Bd8 37. Ne1 Nf6 38. Nd3 Nd7 39. Kg2 Kf6 40. Kf3 Kf7 41. Ke3 Kf6 42. Nf2 Kg7 43. Nh3 Kf7 44. Kf3 Kg7 45. Ke3 Kf7 46. Ke2 Kg7 47. Kd3 Kf7 48. Ke3 Kg7 49. f5 exf5 50. Nf4 Kf7 51. Kd3 g5 52. hxg5 Bxg5 53. Nxd5 Ke6 54. Bf4 Bd8 55. Kc4 h4 56. gxh4 Bxh4 57. Bc7 Bg5 58. Nxb6 Nxb6+ 59. Bxb6 Bd2 60. d5+ Kd7 61. Bf2 Ke7 62. Kd3 Bb4 63. Bg3 1-0

[Event "Paris-ch op-B"]
[Site "Paris"]
[Date "2005.07.09"]
[Round "1"]
[White "Popov, Gueorgui"]
[Black "Sinai, Gerard"]
[Result "1-0"]
[WhiteElo "2263"]
[BlackElo "1983"]
[PlyCount "43"]
[EventDate "2005.07.09"]
[EventType "swiss"]
[EventRounds "9"]
[EventCountry "FRA"]
[SourceTitle "EXT 2006"]
[Source "ChessBase"]
[SourceDate "2005.11.24"]
[SourceVersion "1"]
[SourceVersionDate "2005.11.24"]
[SourceQuality "1"]

1. c4 c6 2. Nf3 d5 3. b3 Nf6 4. Bb2 g6 5. g3 Bg7 6. Bg2 0-0 7. 0-0 a5 8. d3 e6 9. a3 Nbd7 10. Nbd2 b6 11. Rc1 Bb7 12. Rc2 Rc8 13. Qa1 Ne8 14. Rfc1 Bxb2 15. Qxb2 Qf6 16. d4 Ng7 17. e4 Qe7 18. h4 Qd6 19. b4 axb4 20. axb4 f5 21. exd5 cxd5 22. c5 1-0